2803-能勢電鉄の駅 - Statistics

General Stats
  • This quiz has been taken 159 times
    134 since last reset
  • The average score is 12 of 16
Answer Stats
本線 % Correct
川西能勢口
98%
日生中央
94%
妙見口
93%
山下
89%
山下
89%
平野
81%
畦野
80%
ときわ台
75%
光風台
73%
絹延橋
69%
一の鳥居
68%
鼓滝
67%
多田
64%
笹部
63%
鶯の森
61%
滝山
57%
No matching quizzes found
Score Distribution
Percent of People with Each Score
Percentile by Number Answered
Your Score History
You have not taken this quiz since the last reset